Video Games By Image A-Z #2 - Statistics

General Stats
  • This quiz has been taken 175 times
  • The average score is 7 of 26
Answer Stats
Picture Answer % Correct
Fruit Ninja
89%
Banjo-Kazooie
55%
Animal Crossing: New Horizons
54%
Doom Eternal
54%
Little Nightmares
53%
Papers, Please
52%
Earthworm Jim
44%
Omori
34%
Grand Theft Auto V
32%
Jump King
29%
Ultimate Chicken Horse
25%
Sonic Forces
21%
Zoo Tycoon
21%
Inazuma Eleven
17%
Rhythm Heaven
17%
ToonTown Online
17%
Moshi Monsters
15%
Katamari Damacy REROLL
10%
Crash Boom Bang
7%
Happy Wars
7%
Neon Abyss
3%
Xiaolin Showdown
3%
Yoku's Island Express
3%
QT
1%
Valhalla Hills
1%
Wuppo
1%
No matching quizzes found
Score Distribution
Percent of People with Each Score
Percentile by Number Answered
Your Score History
You have not taken this quiz